000 00692nam a2200241Ia 4500
003 OSt
005 20220925232747.0
006 a|||||r|||| 00| 0
007 ta
008 220923b |||||||| |||| 00| 0 eng d
037 _cGeneral Book
040 _aRTL
_cRTL
_beng
041 _2eng
_aeng
082 _aX:89M, M0
100 _aOsborn Jack Lester
_9297708
245 0 _aFair information practices for managers and employ
260 _aNew York
_bA M A
_c1980
300 _a23p
_ccm.
490 _aAmerican Management Association, Survey Report
650 _aWork Study
_9234105
942 _hX:89M, M0
_cGB
_2CC
999 _c592104
_d592104